[Event "Michigan Open Reserve"]
[Site "Romulus, MI"]
[Date "2000.09.03"]
[Round "5.25"]
[White "West, Tony"]
[Black "Zuniga, Jesus"]
[Result "1-0"]
[WhiteElo "1731"]
[BlackElo "1571"]
[PlyCount "117"]
[EventDate "2000.09.01"]

1. e4 e6 2. d4 d5 3. Nc3 Nf6 4. e5 Nfd7 5. Nf3 c5 6. Be3 Nc6 7. dxc5 Bxc5 8.
Bxc5 Nxc5 9. Bd3 a6 10. a3 O-O 11. O-O f6 12. Re1 fxe5 13. Nxe5 Nxe5 14. Rxe5
Qf6 15. Qe2 Nxd3 16. cxd3 Bd7 17. d4 Rf7 18. Re1 Raf8 19. f3 Qg6 20. Kh1 Rf4
21. Qe3 Rh4 22. Ne2 Kh8 23. g3 Rh6 24. Rg5 Qf6 25. f4 Rg6 26. Rxg6 Qxg6 27. Ng1
Rc8 28. Nf3 Rc2 29. Re2 Rxe2 30. Qxe2 Bb5 31. Qe1 h6 32. Kg2 Qc2+ 33. Qd2 Qxd2+
34. Nxd2 g6 35. Kf2 Kg7 36. Ke3 Kf6 37. Nf3 Ke7 38. b3 Be8 39. Ne5 Kd6 40. a4
b5 41. a5 Ke7 42. Kd2 Kf6 43. g4 h5 44. g5+ Ke7 45. Kc3 Kd6 46. Kb4 Kc7 47. Kc5
Kd8 48. Kb6 b4 49. Kxa6 Kc7 50. Ka7 Bb5 51. Nxg6 Bc4 52. Ne5 Bxb3 53. Nd3 Bc2
54. Nxb4 Bg6 55. Na6+ Kc8 56. Kb6 Be8 57. Nc5 Bf7 58. a6 Kb8 59. a7+ 1-0

[Event "Michigan Open"]
[Site "Romulus, MI"]
[Date "2000.09.03"]
[Round "4.3"]
[White "Ward, Tom"]
[Black "Smith, Walt"]
[Result "1-0"]
[WhiteElo "2246"]
[BlackElo "1961"]
[PlyCount "115"]
[EventDate "2000.09.01"]

1. e4 c5 2. Nf3 Nc6 3. d4 cxd4 4. Nxd4 Nf6 5. Nc3 g6 6. Nxc6 bxc6 7. e5 Ng8 8.
Bc4 f5 9. O-O Qb6 10. Be3 Qb4 11. Qd4 e6 12. a3 Qb8 13. Rfd1 Qc7 14. b4 h5 15.
Na4 Nh6 16. Nc5 Ng4 17. Bg5 Qxe5 18. Qxe5 Nxe5 19. Bf6 Nxc4 20. Bxh8 d6 21. Rd4
Nb6 22. Nd3 e5 23. Bxe5 dxe5 24. Nxe5 Bg7 25. Re1 Bxe5 26. Rxe5+ Kf7 27. Rc5
Bd7 28. a4 Nxa4 29. Rxd7+ Ke6 30. Ra5 Kxd7 31. Rxa4 Kd6 32. Ra5 Rb8 33. c3 Rb7
34. Kf1 Re7 35. g3 Rc7 36. Rc5 Rb7 37. Ra5 Re7 38. Kg2 Ke6 39. h4 Rd7 40. Rc5
Kd6 41. Kf3 Re7 42. Ra5 Ke6 43. Kf4 Kf6 44. f3 Rd7 45. Ra6 Rc7 46. b5 Ke7 47.
bxc6 Kf6 48. c4 g5+ 49. hxg5+ Ke6 50. c5 Kd5 51. Kxf5 Kxc5 52. Ke6 Rg7 53. Kf6
Rc7 54. g6 Kb5 55. Ra1 Rxc6+ 56. Kg5 Rc3 57. g7 Rxf3 58. Kh4 1-0

[Event "Michigan Open Reserve"]
[Site "Romulus, MI"]
[Date "2000.09.03"]
[Round "4.42"]
[White "Vasos, John"]
[Black "Mitchell, Dave"]
[Result "1-0"]
[WhiteElo "1092"]
[BlackElo "1373"]
[PlyCount "67"]
[EventDate "2000.09.01"]

1. Nf3 d5 2. d4 Nf6 3. Nc3 c6 4. g3 Bg4 5. Bg2 Nbd7 6. Bf4 e6 7. O-O Bb4 8. a3
Bxc3 9. bxc3 O-O 10. Qd3 Rc8 11. c4 dxc4 12. Qxc4 Nb6 13. Qd3 Bf5 14. Qb3 Nfd5
15. Bg5 f6 16. Bd2 Kh8 17. Nh4 Bg4 18. e3 Qd7 19. c4 Ne7 20. Rab1 c5 21. Bc3
Be2 22. Rfc1 Bxc4 23. Qc2 cxd4 24. Bxd4 Bd5 25. Qd1 Rxc1 26. Rxc1 Bxg2 27. Nxg2
Ned5 28. Qb3 Rc8 29. Qb1 e5 30. Bxb6 Rxc1+ 31. Qxc1 Nxb6 32. Ne1 Qb5 33. Qc7
Qc6 34. Qd8+ 1-0

[Event "Michigan Open"]
[Site "Romulus, MI"]
[Date "2000.09.03"]
[Round "4.1"]
[White "Turgut, Tansel"]
[Black "Finegold, Ben"]
[Result "0-1"]
[WhiteElo "2382"]
[BlackElo "2562"]
[PlyCount "132"]
[EventDate "2000.09.01"]

1. d4 Nf6 2. c4 c5 3. d5 e5 4. Nc3 d6 5. e4 Be7 6. g3 O-O 7. Bg2 Ne8 8. Nge2 g6
9. O-O f5 10. exf5 gxf5 11. f4 Nd7 12. a3 a6 13. Be3 Bf6 14. b4 b6 15. Rb1 Bg7
16. bxc5 bxc5 17. Na4 Nef6 18. h3 Re8 19. Qc2 Ra7 20. fxe5 Nxe5 21. Bg5 Nf7 22.
Bh4 Qe7 23. Nf4 Qe3+ 24. Kh2 Ne4 25. Nb6 Ne5 26. Nxc8 Rxc8 27. Rbe1 Qd2 28. Qb1
Ng6 29. Nxg6 hxg6 30. Rxe4 fxe4 31. Qxe4 Kh7 32. Be7 Qd4 33. Qe6 Re8 34. Be4
Qd2+ 35. Kh1 Qh6 36. Rf7 Raxe7 37. Rxe7 Rxe7 38. Qxe7 Qxh3+ 39. Kg1 Qxg3+ 40.
Kf1 Kh6 41. Ke2 Qf4 42. Qe6 Qh2+ 43. Kf3 Qh1+ 44. Ke2 Qh5+ 45. Bf3 Qh2+ 46. Kd3
Be5 47. Qg4 Bf6 48. Be4 Bg5 49. Bg2 Qe5 50. Qh3+ Kg7 51. Qd7+ Be7 52. Qg4 Qb2
53. Ke4 Qd4+ 54. Kf3 Qd3+ 55. Kf2 Qxa3 56. Be4 Qb2+ 57. Kf3 Qc3+ 58. Kg2 Qd2+
59. Kf1 Qg5 60. Qxg5 Bxg5 61. Ke2 Kf6 62. Kf3 a5 63. Bc2 Ke5 64. Bxg6 a4 65.
Ke2 Kd4 66. Kd1 Kc3 0-1

[Event "Michigan Open Reserve"]
[Site "Romulus, MI"]
[Date "2000.09.03"]
[Round "4.38"]
[White "Treacy, Joe"]
[Black "Aguilar, Javier"]
[Result "1-0"]
[WhiteElo "1500"]
[BlackElo "1254"]
[PlyCount "122"]
[EventDate "2000.09.01"]

1. e4 c5 2. d4 cxd4 3. c3 d6 4. cxd4 Nf6 5. Nc3 g6 6. Bc4 Bg7 7. Nf3 O-O 8. Qe2
Nc6 9. O-O Bg4 10. Rd1 Qc8 11. Bf4 Re8 12. Rac1 Nh5 13. Be3 Nf6 14. Bb3 Qb8 15.
Bf4 Nh5 16. Bxf7+ Kxf7 17. Ng5+ Kg8 18. Qxg4 Nxf4 19. Qxf4 Rf8 20. Qg4 Nd8 21.
Nd5 Bf6 22. Nxf6+ exf6 23. Ne6 Nxe6 24. Qxe6+ Kg7 25. Rd3 Re8 26. Qd7+ Kh8 27.
Rc7 Qxc7 28. Qxc7 Rac8 29. Qxc8 Rxc8 30. Rc3 Rxc3 31. bxc3 Kg7 32. f4 Kf7 33.
Kf2 Ke6 34. Ke3 h6 35. a4 b6 36. Kd3 a6 37. Kc4 f5 38. e5 dxe5 39. fxe5 f4 40.
Kd3 g5 41. Ke4 h5 42. d5+ Ke7 43. Kf5 Kd7 44. c4 g4 45. Kxf4 Ke7 46. Kg5 h4 47.
Kxh4 Kf7 48. Kxg4 Kg6 49. h4 Kf7 50. h5 Kg7 51. d6 Kf7 52. h6 b5 53. cxb5 axb5
54. axb5 Kf8 55. h7 Kg7 56. d7 Kxh7 57. d8=Q Kg6 58. Qf8 Kh7 59. b6 Kg6 60. b7
Kh7 61. b8=R Kg6 1-0

[Event "Michigan Open"]
[Site "Romulus, MI"]
[Date "2000.09.03"]
[Round "4.14"]
[White "Thomas, Courtney"]
[Black "al-Shareef, Robert"]
[Result "0-1"]
[WhiteElo "1091"]
[BlackElo "1884"]
[PlyCount "112"]
[EventDate "2000.09.01"]

1. d4 Nf6 2. Bg5 Ne4 3. Bf4 d6 4. Nc3 Nxc3 5. bxc3 Bf5 6. Nf3 h6 7. h3 g5 8.
Bg3 Bg7 9. e3 c5 10. Bd3 Bxd3 11. Qxd3 Nd7 12. O-O Qc7 13. Rab1 a6 14. Qe4 Rb8
15. dxc5 Nxc5 16. Qd5 Bxc3 17. Nd4 b5 18. Rfd1 Bxd4 19. Qxd4 Rg8 20. e4 Ne6 21.
Qd5 Qc5 22. e5 Qxd5 23. Rxd5 dxe5 24. Bxe5 Rc8 25. a4 f6 26. Bg3 Rxc2 27. axb5
axb5 28. Rbxb5 Kf7 29. Rb7 Rd8 30. Rdd7 Rxd7 31. Rxd7 Nf8 32. Rc7 Rxc7 33. Bxc7
e5 34. g3 Ne6 35. Bb6 f5 36. f3 Ke7 37. Kf2 Kd6 38. Ke2 h5 39. Ba7 Kd5 40. Kd2
e4 41. Ke3 f4+ 42. gxf4 gxf4+ 43. Kf2 e3+ 44. Bxe3 fxe3+ 45. Kxe3 Ke5 46. f4+
Nxf4 47. Kf3 Nxh3 48. Kg3 Nf4 49. Kh4 Kf5 50. Kg3 Kg5 51. Kh2 Kg4 52. Kg1 Kg3
53. Kh1 h4 54. Kg1 h3 55. Kh1 Nd3 56. Kg1 h2+ 0-1

[Event "Michigan Open Reserve"]
[Site "Romulus, MI"]
[Date "2000.09.03"]
[Round "3.65"]
[White "Swathell, Gary"]
[Black "Ford, Adam"]
[Result "1-0"]
[WhiteElo "1500"]
[BlackElo "817"]
[PlyCount "91"]
[EventDate "2000.09.01"]

1. d4 d5 2. c4 dxc4 3. e4 Nf6 4. Nc3 Nc6 5. d5 Ne5 6. Nf3 Nxf3+ 7. Qxf3 Bg4 8.
Qe3 e5 9. Bxc4 b6 10. O-O Bc5 11. Qe1 O-O 12. a3 a5 13. Bg5 Be7 14. h3 Bh5 15.
Be2 Bxe2 16. Qxe2 Rc8 17. Rfd1 h6 18. Bxf6 Bxf6 19. Nb5 Qd7 20. Na7 Ra8 21. Nc6
Be7 22. Nxe7+ Qxe7 23. Rac1 c5 24. dxc6 Rac8 25. Qb5 Rfd8 26. Rxd8+ Qxd8 27.
Qxe5 Kf8 28. c7 Qd2 29. Qc3 Qxc3 30. Rxc3 Ke7 31. Rc6 Kd7 32. Rxb6 Rxc7 33. b4
Rc3 34. bxa5 Rxa3 35. Ra6 g6 36. f3 Ra2 37. Ra7+ Ke6 38. a6 f5 39. exf5+ Kxf5
40. Kh2 Kg5 41. Kg3 h5 42. h4+ Kf6 43. Ra8 Ke7 44. a7 Kf7 45. Rh8 Rxa7 46. Rh7+
1-0

[Event "Michigan Open Reserve"]
[Site "Romulus, MI"]
[Date "2000.09.03"]
[Round "1.65"]
[White "Swathell, Gary"]
[Black "Finegold, Spencer"]
[Result "1/2-1/2"]
[WhiteElo "1500"]
[BlackElo "952"]
[PlyCount "49"]
[EventDate "2000.09.01"]

1. c4 e5 2. Nc3 Nf6 3. g3 Bc5 4. Bg2 O-O 5. d3 d6 6. Nf3 Be6 7. O-O Nc6 8. Bg5
h6 9. Bxf6 Qxf6 10. Ne4 Qe7 11. Nxc5 dxc5 12. Qc1 Nd4 13. Re1 c6 14. b3 Rad8
15. Nxe5 Bf5 16. f4 f6 17. e3 fxe5 18. exd4 cxd4 19. Rxe5 Qf6 20. Qd2 Rfe8 21.
Rxe8+ Rxe8 22. Re1 Rxe1+ 23. Qxe1 Bxd3 24. Bh3 Bf5 25. Bf1 1/2-1/2

[Event "Michigan Open Reserve"]
[Site "Romulus, MI"]
[Date "2000.09.03"]
[Round "1.67"]
[White "Stojanovski, Zoran"]
[Black "Gurski, Erin"]
[Result "0-1"]
[WhiteElo "1424"]
[BlackElo "576"]
[Annotator "Jeff Aldrich"]
[PlyCount "44"]
[EventDate "2000.09.01"]

{Scotch} 1. e4 e5 2. Nf3 Nc6 3. d4 exd4 4. Nxd4 Nxd4 5. Qxd4 Nf6 $2 ({When
exchanging the knights, black has to play} 5... d6 {first.}) 6. e5 Ng8 7. Bc4
b6 $2 {Just trying to find a way to get developed.} 8. O-O $2 (8. Qd5 {
threatens both mate and the rook.}) 8... Bb7 9. f4 $4 Bc5 $1 {Uh-oh!} 10. Be3
Bxd4 11. Bxd4 Ne7 12. f5 g6 13. e6 Rf8 14. exd7+ Qxd7 15. fxg6 Qxd4+ 16. Kh1
Qxb2 17. Nc3 Qxc3 18. gxf7+ Kd8 19. Rad1+ Kc8 20. Be6+ Kb8 21. Rd3 Qxc2 22.
Rfd1 Qxg2# 0-1

[Event "Michigan Open Reserve"]
[Site "Romulus, MI"]
[Date "2000.09.03"]
[Round "5.42"]
[White "Steen, Harold"]
[Black "Frantz, John W"]
[Result "1-0"]
[WhiteElo "1670"]
[BlackElo "1227"]
[PlyCount "61"]
[EventDate "2000.09.01"]

1. d4 f5 2. e3 Nf6 3. Nf3 g6 4. Bd3 Bg7 5. b3 O-O 6. Bb2 b6 7. O-O Bb7 8. Nbd2
d6 9. Ng5 Nbd7 10. Ne6 Qe8 11. Nxc7 Qf7 12. Nxa8 Bxa8 13. Nf3 Nh5 14. c4 f4 15.
e4 Nc5 16. dxc5 Bxb2 17. Rb1 Bg7 18. cxd6 exd6 19. c5 Rd8 20. cxb6 axb6 21. Bc4
d5 22. e5 Qe7 23. Be2 Bxe5 24. Nxe5 Qxe5 25. Bxh5 gxh5 26. Re1 Qg5 27. Qd4 h4
28. Qxb6 d4 29. Qe6+ Kg7 30. Qe7+ Kg6 31. Re6+ 1-0

[Event "Michigan Open Reserve"]
[Site "Romulus, MI"]
[Date "2000.09.03"]
[Round "5.35"]
[White "Solski, Jeff"]
[Black "Moore, Robert"]
[Result "0-1"]
[WhiteElo "1486"]
[BlackElo "1627"]
[PlyCount "105"]
[EventDate "2000.09.01"]

1. e4 c5 2. Nf3 d6 3. d4 cxd4 4. Nxd4 Nf6 5. Nc3 a6 6. Be2 e6 7. O-O Be7 8. Be3
Qc7 9. f4 Bd7 10. Bf3 Nc6 11. a3 O-O 12. Rc1 Rac8 13. Nb3 Rfe8 14. Na4 Nd4 15.
Qxd4 e5 16. Qb4 d5 17. Bc5 Bxa4 18. Bxe7 Rxe7 19. Qxa4 dxe4 20. Bxe4 Qb6+ 21.
Kh1 Rec7 22. Na1 Rc4 23. Qb3 Qxb3 24. Nxb3 Nxe4 25. fxe5 Rxc2 26. g3 g6 27. Kg1
Ng5 28. a4 b6 29. Rb1 Re2 30. Rf6 Rxe5 31. Rxb6 Nf3+ 32. Kg2 Ne1+ 33. Kf1 Nf3
34. Kg2 Ng5 35. Rf1 Re2+ 36. Rf2 Rxf2+ 37. Kxf2 Rc2+ 38. Ke3 Rxb2 39. a5 Ne6
40. Kd3 Rxb3+ 41. Rxb3 Nc5+ 42. Kc4 Nxb3 43. Kxb3 f5 44. Kc4 Kf7 45. Kd3 g5 46.
Ke3 Ke6 47. h3 Ke5 48. Kf3 h5 49. h4 gxh4 50. gxh4 f4 51. Kf2 Ke4 52. Ke2 f3+
53. Kf1 0-1

[Event "Michigan Open Reserve"]
[Site "Romulus, MI"]
[Date "2000.09.03"]
[Round "5.28"]
[White "Sobh, Tarek"]
[Black "McCarter, Robert"]
[Result "0-1"]
[WhiteElo "1196"]
[BlackElo "1649"]
[PlyCount "84"]
[EventDate "2000.09.01"]

1. e4 c5 2. Nf3 Nc6 3. Nc3 g6 4. Bc4 e6 5. Bb5 Nge7 6. d4 cxd4 7. Nxd4 Bg7 8.
Nde2 O-O 9. Bd3 d5 10. a3 dxe4 11. Nxe4 Ne5 12. Nf4 Nxd3+ 13. Nxd3 b6 14. O-O
Bb7 15. Qe2 Qd5 16. f3 Ba6 17. Rb1 Rfd8 18. Bg5 Qb7 19. Bf6 Rd7 20. Bxg7 Kxg7
21. Qe3 Nf5 22. Qg5 Bxd3 23. cxd3 Rxd3 24. h4 Qe7 25. Qxe7 Nxe7 26. Rbc1 Rad8
27. g4 Nd5 28. Rf2 Nf4 29. Kh2 f5 30. Rc7+ R8d7 31. Rxd7+ Rxd7 32. Kg3 Nd3 33.
Rd2 fxe4 34. fxe4 Nc5 35. Re2 e5 36. g5 Rd4 37. Kf3 a5 38. Re3 Rd3 39. Rxd3
Nxd3 40. Ke3 Nxb2 41. Ke2 b5 42. Ke3 Nc4+ 0-1

[Event "Michigan Open Reserve"]
[Site "Romulus, MI"]
[Date "2000.09.03"]
[Round "1.62"]
[White "Sobh, Alex"]
[Black "Davidovich, Manis"]
[Result "0-1"]
[WhiteElo "1146"]
[BlackElo "1695"]
[PlyCount "72"]
[EventDate "2000.09.01"]

1. e4 c5 2. d4 cxd4 3. Nf3 Nc6 4. Nxd4 g6 5. Nxc6 bxc6 6. g3 Bg7 7. Bg2 Nh6 8.
O-O O-O 9. Be3 d6 10. c3 Rb8 11. Qd2 Ng4 12. h3 Nxe3 13. fxe3 Qb6 14. b3 Qa5
15. Qc2 Be6 16. b4 Qe5 17. Kh2 Rxb4 18. cxb4 Qxa1 19. Nd2 Qc3 20. Qxc3 Bxc3 21.
Nf3 Bxb4 22. e5 a5 23. exd6 exd6 24. a4 c5 25. Rd1 c4 26. Nd4 Bd7 27. Nc2 Bxa4
28. Nxb4 Bxd1 29. Na2 Rb8 30. Nc3 Bc2 31. Bd5 Rb2 32. Kg1 Bd3 33. Na4 Re2 34.
Nb6 c3 35. Bc4 c2 36. Bxd3 c1=Q# 0-1

[Event "Michigan Open"]
[Site "Romulus, MI"]
[Date "2000.09.03"]
[Round "2.56"]
[White "Skidmore, Jennifer"]
[Black "Prusaitis, William"]
[Result "1-0"]
[WhiteElo "1867"]
[BlackElo "1876"]
[PlyCount "81"]
[EventDate "2000.09.01"]

1. e4 e6 2. d4 d5 3. exd5 exd5 4. Bd3 Nf6 5. Ne2 Be7 6. c3 c6 7. Nd2 O-O 8. O-O
Ne8 9. f4 f5 10. Nf3 Nf6 11. Ng3 Ne4 12. Be3 Nd7 13. Qb3 Kh8 14. Rae1 Ndf6 15.
Ne5 Bd6 16. Qd1 Qb6 17. b4 a5 18. Bxe4 Nxe4 19. Nxe4 fxe4 20. Qh5 Kg8 21. a3
Bf5 22. g4 g6 23. Qh3 Be6 24. Qg3 Qc7 25. f5 Bf7 26. Bf4 Kg7 27. f6+ Kg8 28.
Nxf7 Qxf7 29. Bxd6 Rfe8 30. Be5 axb4 31. axb4 Ra2 32. Rf2 Ra3 33. Qe3 Rea8 34.
Ref1 Ra2 35. Kg2 Qe6 36. h3 Kf7 37. Qh6 Rxf2+ 38. Rxf2 Rg8 39. Qxh7+ Kf8 40. f7
Rg7 41. Qh8+ 1-0

[Event "Michigan Open"]
[Site "Romulus, MI"]
[Date "2000.09.03"]
[Round "3.53"]
[White "Skidmore, Jennifer"]
[Black "Finegold, Ron"]
[Result "0-1"]
[WhiteElo "1867"]
[BlackElo "2024"]
[PlyCount "78"]
[EventDate "2000.09.01"]

1. e4 e6 2. d4 d5 3. exd5 exd5 4. Bd3 Nf6 5. Ne2 c5 6. c3 Nc6 7. Be3 c4 8. Bc2
Bd6 9. Bg5 h6 10. Bh4 b5 11. Nd2 O-O 12. O-O Bxh2+ 13. Kh1 Bd6 14. Nf3 Bg4 15.
Nh2 Bxh2 16. Kxh2 Re8 17. f3 Bd7 18. Qd2 Qe7 19. Rae1 Ne4 20. fxe4 Qxh4+ 21.
Kg1 dxe4 22. Nf4 f5 23. Nd5 Rac8 24. Rf4 Qg5 25. Ref1 Be6 26. Ne3 Rcd8 27. Qe2
Ne7 28. b3 cxb3 29. axb3 a6 30. Bb1 Ng6 31. Rxf5 Bxf5 32. Rxf5 Nf4 33. Qd2 Qg3
34. Nf1 e3 35. Nxg3 exd2 36. Bc2 Ne2+ 37. Nxe2 Rxe2 38. Rf1 Re1 39. b4 Rf8 0-1

[Event "Michigan Open Reserve"]
[Site "Romulus, MI"]
[Date "2000.09.03"]
[Round "4.21"]
[White "Shellenberger, Richard"]
[Black "Holden, Anthony"]
[Result "1-0"]
[WhiteElo "1716"]
[BlackElo "1414"]
[PlyCount "41"]
[EventDate "2000.09.01"]

1. d4 d5 2. c4 e5 3. dxe5 Nc6 4. Nf3 Bb4+ 5. Bd2 dxc4 6. e3 Bg4 7. Bxc4 Qe7 8.
Be2 O-O-O 9. O-O Bxf3 10. Bxf3 Nxe5 11. Bg4+ Kb8 12. Bxb4 Rxd1 13. Bxe7 Rxf1+
14. Kxf1 Nxg4 15. h3 Ne5 16. Bf8 Ne7 17. Bxg7 N5g6 18. Bxh8 Nxh8 19. Nc3 f5 20.
Rd1 c6 21. Rd8+ 1-0

[Event "Michigan Open Reserve"]
[Site "Romulus, MI"]
[Date "2000.09.03"]
[Round "4.43"]
[White "Serwatowski, Felix"]
[Black "Vasos, Brandon"]
[Result "0-1"]
[WhiteElo "1315"]
[BlackElo "1049"]
[PlyCount "58"]
[EventDate "2000.09.01"]

1. d4 d5 2. Nf3 Nc6 3. e3 Bg4 4. Nbd2 Nf6 5. h3 Bh5 6. c4 e6 7. Be2 Bb4 8. O-O
O-O 9. a3 Bd6 10. c5 Be7 11. b4 a6 12. Bb2 b5 13. Ne5 Bxe2 14. Qxe2 Qe8 15. f4
Rd8 16. Qf3 g6 17. g4 h6 18. Rf2 Nh7 19. Qg3 Bf6 20. Ndf3 Nb8 21. h4 Qe7 22.
Rh2 g5 23. fxg5 hxg5 24. hxg5 Bxg5 25. Re1 Kg7 26. Bc1 f6 27. Nxg5 Nxg5 28. Qf4
fxe5 29. Qxe5+ Kg6 0-1

[Event "Michigan Open Reserve"]
[Site "Romulus, MI"]
[Date "2000.09.03"]
[Round "5.37"]
[White "Schey, Danny"]
[Black "Buckles, Mark"]
[Result "1-0"]
[WhiteElo "1600"]
[BlackElo "1020"]
[PlyCount "39"]
[EventDate "2000.09.01"]

1. c4 c6 2. e4 e5 3. Nf3 d6 4. d4 Qc7 5. Nc3 Nf6 6. Bg5 Be7 7. h3 O-O 8. Be2
Nbd7 9. O-O exd4 10. Qxd4 Ne5 11. Nd2 Be6 12. Bf4 Nfd7 13. Rfc1 Bf6 14. Qe3
Rae8 15. Qg3 Nc5 16. b4 Ncd7 17. Rab1 Nb8 18. Nd5 Bxd5 19. cxd5 cxd5 20. Rxc7
1-0

[Event "Michigan Open Reserve"]
[Site "Romulus, MI"]
[Date "2000.09.03"]
[Round "4.31"]
[White "Saylor, Oliver"]
[Black "Kane, Paul"]
[Result "0-1"]
[WhiteElo "1244"]
[BlackElo "1643"]
[PlyCount "138"]
[EventDate "2000.09.01"]

1. e4 c5 2. Nf3 d6 3. d4 cxd4 4. Nxd4 Nf6 5. Nc3 a6 6. Be2 e5 7. Nf3 Be7 8. O-O
O-O 9. Nd5 Be6 10. Nxe7+ Qxe7 11. Bg5 Nbd7 12. Qd3 h6 13. Bh4 g5 14. Bg3 Nc5
15. Qd1 Ncxe4 16. h3 Nxg3 17. fxg3 Ne4 18. Qe1 Rac8 19. Bd3 Nc5 20. Be2 b5 21.
b3 Qa7 22. Qf2 Qc7 23. Nd2 f5 24. Qf3 d5 25. Qh5 Rf6 26. Qf3 Rcf8 27. Qc3 d4
28. Qb2 f4 29. gxf4 Rxf4 30. Rxf4 Rxf4 31. c4 Qd7 32. cxb5 axb5 33. Qb1 Bf5 34.
Qe1 d3 35. g3 Qd4+ 36. Kg2 Bxh3+ 37. Kxh3 Rf2 38. Bg4 e4 39. a3 Rxd2 40. Bh5
Qf2 41. Qxf2 Rxf2 42. Rb1 e3 43. b4 Na4 44. Rc1 Rc2 45. Re1 e2 46. Bg4 Nc3 47.
Bf3 d2 48. Rxe2 d1=Q 49. Re8+ Kf7 50. Bxd1 Nxd1 51. Rb8 Rc3 52. Rxb5 Rxa3 53.
Rb7+ Kg6 54. b5 Kh5 55. b6 Nf2+ 56. Kg2 Ne4 57. Re7 Nc5 58. Rc7 Ne6 59. g4+
Kxg4 60. Rc4+ Kf5 61. Rb4 Ra8 62. Kg3 Rb8 63. Rb5+ Kf6 64. Kg4 Rb7 65. Kh5 Kg7
66. Rb4 Nf8 67. Rb5 Nd7 68. Rb4 Rxb6 69. Re4 Nf6# 0-1

[Event "Michigan Open"]
[Site "Romulus, MI"]
[Date "2000.09.03"]
[Round "4.7"]
[White "Santiago, Reynaldo"]
[Black "Triplett, Thomas"]
[Result "1-0"]
[WhiteElo "2030"]
[BlackElo "1893"]
[PlyCount "77"]
[EventDate "2000.09.01"]

1. e4 c5 2. Nc3 Nc6 3. g3 g6 4. Bg2 Bg7 5. d3 e6 6. Be3 d6 7. Qd2 Rb8 8. f4 Nf6
9. h3 Nd4 10. Nd1 Bd7 11. c3 Nc6 12. Nf3 b5 13. O-O O-O 14. g4 Ne8 15. f5 exf5
16. gxf5 gxf5 17. exf5 Bxf5 18. Ng5 Ne7 19. Nf2 d5 20. d4 c4 21. Nh1 Bd3 22.
Rf2 h6 23. Nf3 Nf5 24. Bf4 Ned6 25. Ne5 Bxe5 26. Bxe5 Kh7 27. Bxd5 Rc8 28. Rd1
Qh4 29. Kh2 Rg8 30. Rf4 Qg5 31. Qf2 h5 32. Rf3 Rce8 33. Ng3 Nh6 34. Rf6 Qh4 35.
Rxh6+ Kxh6 36. Bxd6 Qd8 37. Qf4+ Kh7 38. Qxf7+ Rg7 39. Qxh5# 1-0

[Event "Michigan Open Reserve"]
[Site "Romulus, MI"]
[Date "2000.09.03"]
[Round "2.68"]
[White "Ryan, Mark"]
[Black "Sobh, Alex"]
[Result "1-0"]
[WhiteElo "1502"]
[BlackElo "1146"]
[PlyCount "119"]
[EventDate "2000.09.01"]

1. d4 e6 2. c4 Nf6 3. Nc3 Bb4 4. a3 Bxc3+ 5. bxc3 d5 6. cxd5 Nxd5 7. e4 Nxc3 8.
Qc2 Qxd4 9. Be3 Qe5 10. Nf3 Qa5 11. Bd2 Qa4 12. Qxc3 Qxe4+ 13. Be2 O-O 14. Qxc7
Nc6 15. Qg3 Ne7 16. Qe5 Qxe5 17. Nxe5 f6 18. Bb4 fxe5 19. Bxe7 Rf7 20. Bd6 e4
21. O-O Bd7 22. Rac1 Bc6 23. Bc4 Bd5 24. Bxd5 exd5 25. Rcd1 Rf5 26. f3 Rd8 27.
Bc5 b6 28. Be3 Re8 29. g4 Rxf3 30. Rxf3 exf3 31. Kf2 Rc8 32. Kxf3 Rc3 33. Rxd5
Rxa3 34. Rb5 Kf7 35. g5 Kg6 36. Kg4 Rxe3 37. h4 Re4+ 38. Kg3 Kh5 39. Rd5 Rxh4
40. g6+ Kxg6 41. Kxh4 h5 42. Rxh5 a5 43. Rb5 a4 44. Rxb6+ Kf5 45. Ra6 a3 46.
Rxa3 g5+ 47. Kg3 g4 48. Ra4 Kg5 49. Rxg4+ Kf5 50. Ra4 Ke5 51. Kf3 Kd5 52. Ke3
Kc5 53. Ra5+ Kd6 54. Ke4 Ke6 55. Ra6+ Kd7 56. Ke5 Kc7 57. Kd5 Kd7 58. Ra7+ Kc8
59. Kd6 Kb8 60. Rh7 1-0

[Event "Michigan Open Reserve"]
[Site "Romulus, MI"]
[Date "2000.09.03"]
[Round "3.63"]
[White "Ryan, Mark"]
[Black "Laurin, Edward"]
[Result "1-0"]
[WhiteElo "1502"]
[BlackElo "1276"]
[Annotator "Jeff Aldrich"]
[PlyCount "59"]
[EventDate "2000.09.01"]

{Irregular Queen's Pawn: Owen} 1. d4 b6 2. c4 Bb7 3. Nc3 e6 4. e4 Bb4 5. f3
Bxc3+ 6. bxc3 Qh4+ 7. g3 Qf6 8. Be3 Ne7 9. e5 Qg6 10. g4 f6 11. Bd3 Qf7 12. Be4
Bxe4 13. fxe4 fxe5 14. Nf3 ({White gives up a pawn rather than going with} 14.
dxe5 {and a disatorous pawn structure.}) 14... exd4 15. cxd4 O-O 16. O-O Qg6
17. Ne5 Qxe4 $2 {Giving up the f-file.} 18. Rxf8+ Kxf8 19. Qf1+ Nf5 20. Re1 d6
21. gxf5 dxe5 22. fxe6+ Ke8 23. Qf7+ Kd8 24. e7+ ({Missing mate with} 24. Qf8#)
24... Kc8 25. e8=Q+ Kb7 26. Qd5+ Qxd5 27. cxd5 exd4 28. Bxd4 Na6 29. Qc6+ Kb8
30. Re8# 1-0

[Event "Michigan Open"]
[Site "Romulus, MI"]
[Date "2000.09.03"]
[Round "4.54"]
[White "Rogers, Bradley"]
[Black "Skidmore, Jennifer"]
[Result "0-1"]
[WhiteElo "2000"]
[BlackElo "1867"]
[PlyCount "66"]
[EventDate "2000.09.01"]

1. d4 d5 2. c4 e6 3. Nc3 c6 4. Nf3 Bb4 5. e3 Nf6 6. a3 Ba5 7. b4 Bc7 8. Bb2
Nbd7 9. c5 Nf8 10. Bd3 Ng6 11. Ne2 Qe7 12. Ng3 Bd7 13. Qc2 Ng4 14. O-O-O a5 15.
b5 cxb5 16. e4 dxe4 17. Nxe4 Nf4 18. Bf1 Bc6 19. Re1 b4 20. a4 Qd7 21. h3 Nf6
22. Nxf6+ gxf6 23. d5 Nxd5 24. Nd4 Bxa4 25. Qd2 Bf4 26. Re3 Rc8 27. Bd3 Rxc5+
28. Kb1 Nc3+ 29. Ka1 Qd5 30. Bb1 Bxe3 31. fxe3 Qd7 32. Bd3 Bb3 33. Bxc3 bxc3
0-1

[Event "Michigan Open"]
[Site "Romulus, MI"]
[Date "2000.09.03"]
[Round "2.53"]
[White "Rogers, Bradley"]
[Black "Garrison, Ray"]
[Result "1-0"]
[WhiteElo "2000"]
[BlackElo "2002"]
[PlyCount "75"]
[EventDate "2000.09.01"]

1. d4 e5 2. d5 Bc5 3. c4 d6 4. Nc3 f5 5. g3 Nf6 6. Bg2 O-O 7. Nf3 Ng4 8. O-O a6
9. a3 Qe8 10. h3 Nf6 11. b4 Ba7 12. e3 Nbd7 13. Bb2 e4 14. Nd4 Ne5 15. Qe2 Qh5
16. Rac1 Bxd4 17. exd4 Nf3+ 18. Kh1 Nxd4 19. Qxh5 Nxh5 20. Rcd1 c5 21. dxc6
Nxc6 22. Rxd6 e3 23. Bf3 Ne5 24. Bd5+ Kh8 25. Ne2 Nd3 26. Bd4 f4 27. fxe3 Bxh3
28. Rxf4 Nhxf4 29. Nxf4 Rad8 30. Rxd8 Rxd8 31. Nxd3 Bf5 32. Nf4 Bc8 33. Kg2 h6
34. Nh5 Rd7 35. e4 Kh7 36. e5 b5 37. e6 Rd6 38. Be4+ 1-0

[Event "Michigan Open Reserve"]
[Site "Romulus, MI"]
[Date "2000.09.03"]
[Round "4.28"]
[White "Raugh, Walter"]
[Black "Schey, Danny"]
[Result "1/2-1/2"]
[WhiteElo "1150"]
[BlackElo "1600"]
[PlyCount "110"]
[EventDate "2000.09.01"]

1. e4 c5 2. Nf3 Nc6 3. d4 cxd4 4. Nxd4 Nf6 5. Nc3 e5 6. Ndb5 d6 7. Bg5 a6 8.
Bxf6 gxf6 9. Na3 b5 10. Nd5 Bg7 11. Bd3 Ne7 12. Nxe7 Qxe7 13. Qh5 O-O 14. O-O
f5 15. exf5 e4 16. Rae1 d5 17. c3 Qf6 18. Bb1 Bxf5 19. Nc2 Qg6 20. Qxg6 Bxg6
21. Nb4 Rfd8 22. Rd1 d4 23. Nc6 d3 24. Ne7+ Kf8 25. Nxg6+ hxg6 26. f3 Be5 27.
fxe4 d2 28. Rf2 b4 29. Rfxd2 Rxd2 30. Rxd2 bxc3 31. bxc3 Bxc3 32. Rd5 Rb8 33.
Rd1 Rb2 34. Kf1 Ke7 35. a4 a5 36. Bd3 Rd2 37. Rxd2 Bxd2 38. Kf2 Bf4 39. h3 Kf6
40. Bc4 Bd6 41. Kf3 Be5 42. h4 Kg7 43. Bd5 f6 44. g4 Kh6 45. Be6 Bc7 46. Kf2
Be5 47. Bb3 Bc7 48. Bd1 Be5 49. h5 gxh5 50. gxh5 Kg5 51. Ke3 Bf4+ 52. Kd4 Kh6
53. Kd5 Bd2 54. Ke6 Bc3 55. Bg4 Be5 1/2-1/2